[Event "Nova Gorica op-B 13th"]
[Site "Nova Gorica"]
[Date "2008.01.31"]
[Round "8"]
[White "Peranovic, Zdravko"]
[Black "Winkler, Silvo"]
[Result "1-0"]
[WhiteElo "1587"]
[BlackElo "1579"]
[PlyCount "86"]
[EventDate "2008.01.26"]
[EventType "swiss"]
[EventRounds "9"]
[EventCountry "SLO"]
[SourceTitle "EXT 2010"]
[Source "ChessBase"]
[SourceDate "2010.11.25"]
[SourceVersion "1"]
[SourceVersionDate "2010.11.25"]
[SourceQuality "1"]

1. Nf3 d5 2. d4 c6 3. c4 Nf6 4. Bg5 Ne4 5. Qb3 Qa5+ 6. Nc3 dxc4 7. Qxc4 Nxg5 8. 0-0-0 Nxf3 9. exf3 Be6 10. d5 cxd5 11. Nxd5 Na6 12. Qb3 Nc5 13. Bb5+ Nd7 14. Bxd7+ Bxd7 15. Qxb7 Rc8+ 16. Kb1 e6 17. Nf6+ Ke7 18. Rxd7+ Kxf6 19. Qxc8 Qf5+ 20. Ka1 Kg6 21. Qa8 h5 22. Qe4 Bc5 23. Qxf5+ exf5 24. Rd2 Re8 25. a3 Re6 26. Rc1 Bb6 27. b4 Re8 28. Kb2 Bd8 29. a4 Bg5 30. Rc6+ f6 31. Rdc2 Bf4 32. g3 Be5+ 33. Kb3 h4 34. a5 Rd8 35. f4 Rd3+ 36. Kc4 Rd6 37. Rxd6 Bxd6 38. b5 Bc7 39. Ra2 hxg3 40. fxg3 Kh5 41. Kc5 Kg4 42. b6 axb6+ 43. axb6 Bb8 1-0